| 000 | 01014nam a2200313 a 4500 | ||
|---|---|---|---|
| 999 |
_c1452 _d1452 |
||
| 001 | 017024289 | ||
| 003 | UkOxU | ||
| 005 | 20221229213952.0 | ||
| 008 | 060124s2006 enk j 000 1 eng | ||
| 015 | _aGBA627558 | ||
| 020 | _a9780552554657 (pbk.) | ||
| 035 | _a(StGlU)b25914546 | ||
| 035 | _a(UkLCURL)03b25914546 | ||
| 038 | _aUk | ||
| 040 |
_aStDuBDS _c. _dKH8 |
||
| 049 | _lb | ||
| 082 | 0 | 4 |
_a823.914 FIN _222 |
| 100 | 1 |
_aFine, Anne. _eauthor |
|
| 245 | 1 | 0 |
_aUp on cloud nine / _cAnne Fine. |
| 260 |
_aLondon : _bCorgi Books, _c2006. |
||
| 300 |
_a200 p. ; _c20 cm. |
||
| 520 | _aWhile Stolly struggles to regain consciousness in a hospital bed, Ian recalls some of their best and worst times together as he writes a biography of his eccentric best friend. | ||
| 650 | 0 |
_aBest friends _vJuvenile fiction. |
|
| 650 | 0 |
_aFriendship _vJuvenile fiction. |
|
| 650 | 0 |
_aFamilies _vJuvenile fiction. |
|
| 650 | 0 |
_aSuicide _vJuvenile fiction. |
|
| 651 | 0 |
_aEngland _vJuvenile fiction. |
|
| 942 |
_2ddc _cNFIC |
||